Movies Quiz

Random Movies or Pixar Quiz

Disney/Pixar Films by Socks Click Quiz Stats

 Plays Quiz Updated Jun 16, 2018

Challenge
Share
Tweet
Score 0/20 Timer 02:00
2 Plays Today
% Correct
The Lion King
96.2%
The Little Mermaid
95.8%
101 Dalmatians
95.8%
Aladdin
95.5%
Snow White
95.4%
Monsters, Inc.
95.2%
Cars
95.1%
The Incredibles
94.6%
Lady and the Tramp
94.6%
Dumbo
94.4%
% Correct
Toy Story
94.3%
Frozen
94.2%
The Good Dinosaur
94.1%
Finding Nemo
93.9%
Cinderella
93.5%
Beauty and the Beast
93.4%
WALL-E
93.4%
Inside Out
93%
Lilo & Stitch
92.3%
The Aristocats
92.2%

You're not logged in!

Compare scores with friends on all Sporcle quizzes.
Join for Free
OR
Log In

You Might Also Like...

Show Comments

Extras

Top Quizzes Today


Score Distribution

Your Account Isn't Verified!

In order to create a playlist on Sporcle, you need to verify the email address you used during registration. Go to your Sporcle Settings to finish the process.

Report this User

Report this user for behavior that violates our Community Guidelines.

Details: